<?xml version="1.0" encoding="UTF-8"?>
<record
    xmlns:xsi="http://www.w3.org/2001/XMLSchema-instance"
    xsi:schemaLocation="http://www.loc.gov/MARC21/slim http://www.loc.gov/standards/marcxml/schema/MARC21slim.xsd"
    xmlns="http://www.loc.gov/MARC21/slim">

  <leader>02439nam a22004457a 4500</leader>
  <controlfield tag="008">150831b        xxu||||| |||| 00| 0 eng d</controlfield>
  <datafield tag="020" ind1=" " ind2=" ">
    <subfield code="a">9783956790478</subfield>
  </datafield>
  <datafield tag="082" ind1=" " ind2=" ">
    <subfield code="a">708</subfield>
    <subfield code="b">H249w</subfield>
  </datafield>
  <datafield tag="100" ind1=" " ind2=" ">
    <subfield code="a">Hansen, Tone</subfield>
    <subfield code="9">3420</subfield>
  </datafield>
  <datafield tag="245" ind1=" " ind2=" ">
    <subfield code="a">We are living on a star</subfield>
    <subfield code="c">Tone Hansen; Marit Paasche</subfield>
  </datafield>
  <datafield tag="260" ind1=" " ind2=" ">
    <subfield code="a">[Berl&#xED;n]</subfield>
    <subfield code="b">Henie Onstad Kunstsenter (HOK)</subfield>
    <subfield code="c">2014</subfield>
  </datafield>
  <datafield tag="300" ind1=" " ind2=" ">
    <subfield code="a">191 p. </subfield>
    <subfield code="b">ill. (col.)</subfield>
    <subfield code="c">26 cm.</subfield>
  </datafield>
  <datafield tag="505" ind1=" " ind2=" ">
    <subfield code="t">Foreword /Tone Hansen -We are living on a star / Marit Paasche - Javier T&#xE9;llez - Jumana Manna - Nothing is more radical tan the facts / Jumana Manna - Eline McGeorge - Excerpt from Aniara: A review of man in time and space / Harry Martinson - Else Marie Hagen - Doug Ashford - Violent words / Renata Salecl - Ahlam Shibli - Lotte Konow Lund - In a Taxi, people really say what they mean / Thomas Keenan - Martin Braathen, Marius Engh, Even Smith Wergeland, and Superunion Architects - Echo Chamber. A meeting place for bootleggers, pimps, homosexuals, and others / Martin Braathen - Arne Garborgs Plass: Contemporary ruin with spatial neuroses / Even Smith Wergeland - Eva Rothschild - Dare to Betray! / Boris Buden - Burak Arikan - Silje Linge Haaland - Julian Blaue - A parallel history and three questions / Julian Blaue - Marthe Ramm Fortun - The prewar city / Marthe Ramm Fortun - Per-Oskar Leu - The decay of snobbery: Russian art and society before and beyond the end of the welfare state / Ekaterina Degot - Hannah Ryggen - Hanne Friis .- </subfield>
  </datafield>
  <datafield tag="650" ind1=" " ind2=" ">
    <subfield code="a">Arte moderno</subfield>
    <subfield code="v">Exhibiciones</subfield>
    <subfield code="z">S. 21</subfield>
    <subfield code="9">3421</subfield>
  </datafield>
  <datafield tag="650" ind1=" " ind2=" ">
    <subfield code="a">Arte moderno</subfield>
    <subfield code="9">145</subfield>
  </datafield>
  <datafield tag="700" ind1=" " ind2=" ">
    <subfield code="a">Paasche, Marit</subfield>
    <subfield code="9">3423</subfield>
  </datafield>
  <datafield tag="700" ind1=" " ind2=" ">
    <subfield code="a">T&#xE9;llez, Javier</subfield>
    <subfield code="9">3424</subfield>
  </datafield>
  <datafield tag="700" ind1=" " ind2=" ">
    <subfield code="a">Manna, Jumana</subfield>
    <subfield code="9">3425</subfield>
  </datafield>
  <datafield tag="700" ind1=" " ind2=" ">
    <subfield code="a">McGeorge, Eline</subfield>
    <subfield code="9">3426</subfield>
  </datafield>
  <datafield tag="700" ind1=" " ind2=" ">
    <subfield code="a">Martinson, Harry</subfield>
    <subfield code="9">3427</subfield>
  </datafield>
  <datafield tag="700" ind1=" " ind2=" ">
    <subfield code="a">Hagen, Else Marie</subfield>
    <subfield code="9">3428</subfield>
  </datafield>
  <datafield tag="700" ind1=" " ind2=" ">
    <subfield code="a">Ashford, Doug</subfield>
    <subfield code="9">3429</subfield>
  </datafield>
  <datafield tag="700" ind1=" " ind2=" ">
    <subfield code="a">Salecl, Renata</subfield>
    <subfield code="9">3430</subfield>
  </datafield>
  <datafield tag="700" ind1=" " ind2=" ">
    <subfield code="a">Shibli, Ahlam</subfield>
    <subfield code="9">3431</subfield>
  </datafield>
  <datafield tag="700" ind1=" " ind2=" ">
    <subfield code="a">Konow Lund, Lotte </subfield>
    <subfield code="9">3432</subfield>
  </datafield>
  <datafield tag="700" ind1=" " ind2=" ">
    <subfield code="a">Keenan, Thomas</subfield>
    <subfield code="9">3433</subfield>
  </datafield>
  <datafield tag="700" ind1=" " ind2=" ">
    <subfield code="a">Braathen, Martin</subfield>
    <subfield code="9">3434</subfield>
  </datafield>
  <datafield tag="700" ind1=" " ind2=" ">
    <subfield code="a">Engh, Marius</subfield>
    <subfield code="9">3435</subfield>
  </datafield>
  <datafield tag="700" ind1=" " ind2=" ">
    <subfield code="a">Smith Wergeland, Even </subfield>
    <subfield code="9">3436</subfield>
  </datafield>
  <datafield tag="700" ind1=" " ind2=" ">
    <subfield code="a">Rothschild, Eva</subfield>
    <subfield code="9">3437</subfield>
  </datafield>
  <datafield tag="700" ind1=" " ind2=" ">
    <subfield code="a">Buden, Boris</subfield>
    <subfield code="9">346</subfield>
  </datafield>
  <datafield tag="700" ind1=" " ind2=" ">
    <subfield code="a">Arikan, Burak</subfield>
    <subfield code="9">3438</subfield>
  </datafield>
  <datafield tag="700" ind1=" " ind2=" ">
    <subfield code="a">Linge Haaland, Silje</subfield>
    <subfield code="9">3439</subfield>
  </datafield>
  <datafield tag="700" ind1=" " ind2=" ">
    <subfield code="a">Blaue, Julian</subfield>
    <subfield code="9">3440</subfield>
  </datafield>
  <datafield tag="700" ind1=" " ind2=" ">
    <subfield code="a">Ramm Fortun, Marthe</subfield>
    <subfield code="9">3441</subfield>
  </datafield>
  <datafield tag="700" ind1=" " ind2=" ">
    <subfield code="a">Leu, Per-Oskar</subfield>
    <subfield code="9">3442</subfield>
  </datafield>
  <datafield tag="700" ind1=" " ind2=" ">
    <subfield code="a">Degot, Ekaterina</subfield>
    <subfield code="9">3443</subfield>
  </datafield>
  <datafield tag="700" ind1=" " ind2=" ">
    <subfield code="a">Ryggen, Hannah</subfield>
    <subfield code="9">3444</subfield>
  </datafield>
  <datafield tag="700" ind1=" " ind2=" ">
    <subfield code="a">Friis, Hanne</subfield>
    <subfield code="9">3445</subfield>
  </datafield>
  <datafield tag="999" ind1=" " ind2=" ">
    <subfield code="c">730</subfield>
    <subfield code="d">730</subfield>
  </datafield>
  <datafield tag="952" ind1=" " ind2=" ">
    <subfield code="0">0</subfield>
    <subfield code="1">0</subfield>
    <subfield code="2">ddc</subfield>
    <subfield code="4">0</subfield>
    <subfield code="7">0</subfield>
    <subfield code="a">LV</subfield>
    <subfield code="b">LV</subfield>
    <subfield code="c">Colectivas</subfield>
    <subfield code="d">2015-08-31</subfield>
    <subfield code="l">0</subfield>
    <subfield code="o">708 H249w</subfield>
    <subfield code="p">004078</subfield>
    <subfield code="r">2015-08-31 00:00:00</subfield>
    <subfield code="w">2015-08-31</subfield>
    <subfield code="y">01</subfield>
  </datafield>
</record>
